000 00448cam a22001217a 4500
008 180718b1965 xxu||||| |||| 00| 0 eng d
082 _aXA94x54 N213n
245 _aAll India rural household survey, 1962: new insights into the propensity to save in India
260 _aNew Delhi
_bNational Council of Applied Economic Research
_c1965
300 _a5p.
650 _aSaving and Thrift - India
700 _aNational Council of Applied Economic Research
999 _c480765
_d480765